| 000 | 00427nam a2200169 a 4500 | ||
|---|---|---|---|
| 005 | 20140412111407.0 | ||
| 008 | 070817s19uu xx 00 eng d | ||
| 020 | _a0-590-66167-1 | ||
| 050 |
_aER _bFo72 1995 |
||
| 100 | _aWard, Elsie | ||
| 245 |
_aFollow a raindrop / _cElsie Ward. |
||
| 260 |
_bScholastic Inc, _c1995. |
||
| 300 | _a16 | ||
| 440 | _aI can read about science library | ||
| 650 | _arain | ||
| 999 |
_c105576 _d105576 |
||